000 00972nam a2200265 a 4500
001 7317
003 BD-RjUL
005 20211208234410.0
008 140113s1962 nyu b 001 0 eng d
035 _aOCLC ocm00567790 from D960412M
_a(BD-RjUL)7360
040 _aDLC
_cDLC
_dEQO
_dBD-RjUL
_beng
041 _aeng
082 0 _223
_a355.425
_bMOD 1962
245 0 0 _aModern guerrilla warfare :
_bfighting communist guerrilla movements, 1941-1961 /
_cedited by Franklin Mark Osanka ; introduction by Samuel P. Huntington.
260 _aNew York :
_bFree Press of Glencoe ;
_aLondon :
_bCollier-Macmillan,
_cc1962.
300 _axxii, 519 p. ;
_c24 cm.
504 _aInclude bibliography and index.
650 0 _aGuerrilla warfare.
_918228
650 0 _aMilitary history, Modern
_y20th century.
_922857
650 0 _aCommunist strategy.
_916179
700 1 _aOsanka, Franklin Mark.
_922858
700 1 _aHuntington, Samuel P.
_9176984
942 _2ddc
_cBK
999 _c7317
_d7317